00000000nam##2200000za#4500
0019.621854
003CaOODSP
00520200401035157
007ta
008150406|1992||||xxc|||||     f|0| 0 fre|d
040 |aCaOODSP|bfre
043 |an-cn---
0861 |aFs97-6/1886F
1101 |aCanada. |bMinistère des pêches et des océans.
24513|aLe suivi du pourcentage de crabes mous dans les prises commerciales de crabe des neiges (Chionoecetes opilio) dans le sud-ouest du golfe du Saint-Laurent (zone 12) en 1990 et 1991 / |cpar M. Hébert et al.
260 |aOttawa - Ontario : |bPêches et Océans Canada |c1992.
300 |a17p. : |bfigures, références, tableaux ; |c28 cm.
4901 |aRapport technique canadien des sciences halieutiques et aquatiques|v1886
500 |aPréparé au Ministère des Pêches et des Océans, Centre des Pêches du Golfe, C.P. 5030, Moncton (Nouveau-Brunswick) E1C 9B6.
546 |aAbstracts in English
563 |aCouverture souple
7201 |aHébert, M.
7760#|tLe suivi du pourcentage de crabes mous dans les prises commerciales de crabe des neiges (Chionoecetes opilio) dans le sud-ouest du golfe du Saint-Laurent (zone 12) en 1990 et 1991 / |w(CaOODSP)9.604000
830#0|aRapport technique canadien des sciences halieutiques et aquatiques ;|v1886|w(CaOODSP)9.513051